期刊信息 |
| 索取号 |
H3/AS
|
| 题名 |
American Speech
|
| 作者 |
DENNIS R.PRESTON
|
| 分册号 |
|
| 分册名 |
|
| 出版地 |
U.S.
|
| 出版者 |
DUKE UNIVERSITY PRESS
|
| 标准刊号 |
0003-1283
|
| 出版频率 |
季刊
|
| 中图法分类 |
H3
|
| 主题词 |
外语 常用
|
| 电子资源 | |
| |
|
| 000 | 00533nas0 2200193 45 | |
| 001 | 0657357828 | |
| 005 | 20181228101041.10 | |
| 011 | @a0003-1283@d$40.00(2002) | |
| 100 | @a20060221d km y0chiy0120 ea | |
| 101 | 0 | @aeng |
| 200 | 1 | @aAmerican Speech@eA Quarterly of Linguistic Usage@fDENNIS R.PRESTON |
| 210 | @aU.S.@cDUKE UNIVERSITY PRESS | |
| 326 | @a季刊 | |
| 517 | 1 | @aA Quarterly of Linguistic Usage |
| 606 | 0 | @a外语@x常用 |
| 690 | @aH3@v4 | |
| 701 | 0 | @aDENNIS R.PRESTON |
| 801 | 0 | @aCN@bPFT@c20070416 |
| 905 | @aTJWY@dH3@eAS | |
| American Speech:A Quarterly of Linguistic Usage/DENNIS R.PRESTON.-U.S.:DUKE UNIVERSITY PRESS |
| ISSN 0003-1283:$40.00(2002) |
| ● |
| 相关链接: |
|
|
|
|